00816nam a2200205 a 450000100100000000500170001000800410002704000250006808200130009310000320010624500890013826000550022730000210028249000420030350000740034583000480041904900090046795201170047699900170059300002495920200930023456.0110208s1970 sp r 000 0 spa d aDO-SdBNPbspacBNPHU ann*bnn*1 aRoyo Marin, Antonio.93405913aLa fe de la iglesia :blo que ha de creer el cristiano de hoy /cAntonio Royo Marin. aMadrid :bBiblioteca de Autores Cristianos,c1970. a238 p. ;c17 cm.1 aBiblioteca de Autores Cristianos.v16 aIncluye referencias bibliográficas y notas al pie de las páginas. 0aBiblioteca de Autores Cristianos,v1694245 aBNGR 001054708MOaGRbGRcCTd2011-02-08iLF1l0onn* nn*p24959-10r2020-06-25w2020-06-25y4ZPréstamo en sala c24452d24452